Adana Büyükşehir Belediyesi başkanı algısı, potansiyel isimler, siyasi tercihler ve gündem araştırması (Record no. 4226)

MARC details
000 -BAŞLIK
Sabit Uzunlukta Kontrol Alanı 00736na a2200217 4500
001 - KONTROL NUMARASI
Denetim Alanı 18300
003 - KONTROL NUMARASI IDENTIFIER
Denetim Alanı MIRAKIL
005 - SON İŞLEM TARİHİ VE ZAMANI
Denetim Alanı 20181213154957.0
008 - SABİT-BOY VERİ ELEMANLARI - GENEL BİLGİLER
Sabit Uzunlukta Kontrol Alanı 161116b tu 000 0
040 ## - KATALOGLAMA KAYNAK
Orijinal Kataloglama Ajansı Milas
Kataloglama Dili tur
Metne Dönüştürmek Ajansı TR-AnCHP
041 ## - DİL KODU
Metin / Ses Parça Veya Ayrı Başlığın Dil Kodu tur
082 ## - DEWEY ONLU SINIFLANDIRMA NUMARASI
Sınıflandırma Numarası 320.0956422
Ürün Numarası A22 2013
090 ## - SINIFLAMA NUMARASI
Sınıflama Numarası 320.0956422 A22 2013
245 ## - BAŞLIK TABLOSU
Başlık Adana Büyükşehir Belediyesi başkanı algısı, potansiyel isimler, siyasi tercihler ve gündem araştırması
Sorumluluk Tablosu, Vb Z Grafik Danışmanlık Eğitim Organizasyon
260 ## - YAYIN, DAĞITIM, VB
Yayın, Dağıtım, Vb Yeri [y.y.]
Yayıncı, Dağıtıcı, Vs Adı [Adana]
Yayın, Dağıtım, Vb Tarihi 2013
300 ## - FİZİKSEL TANIM
Kapsam 92 s.
Diğer Fiziksel Ayrıntıları tbl.; grf.
Boyutlar 30 sm.
650 ## - KONU KATMA GİRİŞ - TOPİKAL DÖNEM
Topikal Süreli Veya Coğrafi Ad Giriş Elemanı Kamuoyu yoklaması
Coğrafi Alt Bölümü Adana
651 ## - KONU KATMA GİRİŞ - COĞRAFİ ADI
Coğrafi İsim Adana
Genel Alt Bölümü Siyaset
Kronolojik Alt Bölümü Araştırmalar
710 ## - KATMA GİRİŞ - KURUMSAL ADI
Giriş Elemanı Olarak Kurumsal Ad Veya Yargı Alanı Adı Z Grafik Danışmanlık Eğitim Organizasyon
942 ## - EKLENDİ GİRİŞ ELEMANLARI (KOHA)
Sınıflandırma Veya Raf Düzeni Kaynak Dewey Decimal Classification
Koha Öğesi Türü Books
999 ## - SİSTEM KONTROL NUMARALARI (KOHA)
Koha Biblionumber 4226
Koha Biblioitemnumber 4226
Holdings
Kalıcı Konum Mevcut Konum Edinme Tarihi Edinim Kaynak Toplam Check-Out'Lar Tam Çağrı Numarası Barkod Tarih Son Görülme İtibaren Geçerli Fiyatlar Koha Öğesi Türü
CHP Kütüphanesi CHP Kütüphanesi 11/16/2016 Bağış   320.0956422 A22 2013 008691 11/16/2016 11/16/2016 Books